000 00592nam a2200181 i 4500
001 112175
003 ES-MaACL
005 20240411063016.0
007 t|
008 061121s1973 sp r ||||1| spa d
100 0 _aOrtega, Julio,
_d1942-
_987416
245 1 0 _aRelato de la utopía
_b: notas sobre narrativa cubana de la revolución /
_cJulio Ortega.
260 _aBarcelona :
_bLa Gaya Ciencia,
_c1973.
300 _a230 p. ;
_c22 cm.
650 4 _aNovela cubana-
_yS.XX-
_xHistoria y crítica.
_9163382
852 _aES-MaACL
_jC-52379
_bR.86004
999 _c112175
_d112175